000 00496nam a2200181 u 4500
005 20230914063559.0
008 120705s2011 r 000 0 eng d
035 _aUPN01000185711
049 _aCG
050 4 _aPQ7297 M6.4
_bA6 2011
100 1 _aMonsiváis, Carlos,
_d1938-2010
_928357
245 1 0 _aAproximaciones y reintegros /
_cCarlos Monsiváis.
260 _aMéxico :
_bTrilce,
_c2011.
300 _a373 p.
650 4 _aEnsayos mexicanos
_97886
905 _aLibro
999 _c157814
_d157814